000 01435nam a2200265Ia 4500
999 _c52566
_d52566
001 19590
003 GE_BSU
005 20250313105955.0
008 181216s2016||||ge |||||||||||||| ||geo||
040 _cGE_BSU
041 _ageo
080 _a27-36 თ-54
245 _a Ⴇვენი. [ტ.] 1, 1 იანვარი - 10 იანვარი (ახალი სტილით 14 იანვარი- 23 იანვარი) /
_cპროექტის ავტორი და რედაქტორი თამარ მამაცაშვილი ; შემდგენელი მანანა ტუაევა ; დიზაინერი რატი თორდია.
250 _a9789941243950
264 _aთბილისი :
_bპალიტრა L,
_c2016.
300 _a360 გვ. ;
_c22 სმ.
490 _aჟურნალ ”კარიბჭის” ბიბლიოთეკა
541 _h6ლ.
653 _aთვენი. 1 იანვარი-10 იანვარი
653 _aრელიგია
700 _aმამაცაშვილი, თამარ
_eპროექტის ავტორი, რედაქტორი
_924524
700 _a ტუაევა, მანანა
_eშემდგენელი
_924525
700 _aთორდია, რატი
_eდიზაინერი
_917902
942 _cBK
_2udc